| 000 | 01136nam a2200181Ka 4500 | ||
|---|---|---|---|
| 082 | 0 | 4 |
_a958 _bRAW |
| 100 | 1 |
_aRawlinson, Henry Creswicke, _949997 |
|
| 245 | 1 | 0 |
_aEngland and Russia in the East _ba series of papers on the political and geographical condition of Central Asia / _cby Sir Henry Rawlinson. |
| 250 | _a2d ed., with additional notes. | ||
| 260 |
_aLondon : _bMurray, _c1875. |
||
| 300 |
_axxii, 412 p. : _bfolded map ; _c24 cm. |
||
| 505 | 0 | _aI.-II. Our political relations with Persia. (Reprinted, with notes, from "Calcutta review," vol. XII, art. I, 1849)--III. The Russians in Central Asia. (Reprinted, with notes, from the "Quarterly review" for October, 1865. no. 236, p. 529)--IV. Central Asia. (Reprinted, with notes, from the "Quarterly review" for October, 1866. no. 240, p. 461)--V. Memorandum on the Central Asian question, dated July, 1868.--VI. The later phases of the Central Asian question. | |
| 526 |
_a0 _b0 _c0 _d958_000000000000000_RAW |
||
| 650 | 0 |
_aEastern question (Central Asia) _95486 |
|
| 650 | 0 |
_aMCE _9379 |
|
| 856 | 4 | 0 | _uhttp://catalog.hathitrust.org/api/volumes/oclc/5587638.html |
| 942 |
_2ddc _cBK |
||
| 999 |
_c552732 _d552732 |
||